000 00358pam a2200133a 44500
008 230405s2007 xxu||||| |||| 00| 0 eng d
041 _aENG
100 _aBECKETT / STENLAKE
245 _aPRACTICAL PHARMACEUTICAL CHEMISTRY - PART TWO
250 _a4
260 _aNEW YORK
_bMARCEL DEKKER INC PUBLICATIONS NEW YORK
_c2007
300 _a326
906 _a3410
999 _c268849
_d268849